000 00417nam a2200181Ia 4500
008 170918s9999 xx 000 0 und d
020 _a44022165X
050 _bG869ra 1995
100 _aGrisham, John
245 4 _aThe rainmaker /
245 _cby John Grisham.
260 _aCanada :
260 _bIsland Books,
260 _c1995
300 _a598 pages :
300 _billustrations ;
300 _c17cm.
999 _c343422
_d343422